| 000 | 00562nam a2200217 u 4500 | ||
|---|---|---|---|
| 001 | 000039081 | ||
| 005 | 20200120222331.0 | ||
| 008 | 100608s2009 cau r 000 0 spa d | ||
| 020 | _a9786071700124 | ||
| 043 | _an-mx--- | ||
| 082 | 0 | 4 |
_a461 _bP17 _221 |
| 100 | 1 | _aPastrana Olvera, Pedro | |
| 245 | 1 | 0 |
_aGramática y ortografía modernas / _cPedro Pastrana Olvera. |
| 250 | _a1a. ed. | ||
| 260 |
_aMéxico : _bTrillas, _c2009. |
||
| 300 |
_a146 p. : _bil. |
||
| 650 | 1 | 7 | _aGramática |
| 650 | 2 | 7 | _aOrtografía |
| 650 | 2 | 7 | _aMorfología |
| 650 | 2 | 7 | _aSemántica |
| 999 |
_c2372 _d2372 |
||